000 01023nam a22001577a 4500
999 _c5994
_d5994
020 _a9780071105910
050 _aHF1007
_b.B69
100 _a Bruce L Bowerman;
245 _aBusiness statistics in practice
_c Bruce L Bowerman; Richard T O'Connell; J B Orris
250 _a 4th ed
260 _a Boston : ,
_bMcGraw-Hill/Irwin
_c ©2007.
300 _axxi, 881 pages :
_bcolor illustrations ;
_c 28 cm
_e + 1 CD-ROM (3 1/2 in.).
500 _aIncludes index
505 _aAn Introduction to Business Statistics -- Descriptive Statistics -- Probability -- Discrete Random Variables -- Continuous Random Variables -- Sampling Distributions -- Confidence Intervals -- Hypothesis Testing -- Statistical Inferences Based on Two Samples -- Experimental Design and Analysis of Variance -- Simple Linear Regression Analysis -- Multiple Regression and Model Building -- Time Series Forecasting -- Process Improvement Using Control Charts -- Nonparametric Methods -- Chi-Square Tests -- Decision Theory.
942 _cBK